<?xml version="1.0" encoding="UTF-8"?>
<record
    xmlns:xsi="http://www.w3.org/2001/XMLSchema-instance"
    xsi:schemaLocation="http://www.loc.gov/MARC21/slim http://www.loc.gov/standards/marcxml/schema/MARC21slim.xsd"
    xmlns="http://www.loc.gov/MARC21/slim">

  <leader>00407nam a22001697a 4500</leader>
  <controlfield tag="003">SGT</controlfield>
  <datafield tag="020" ind1=" " ind2=" ">
    <subfield code="a">978817371756</subfield>
  </datafield>
  <datafield tag="082" ind1=" " ind2=" ">
    <subfield code="a">615.4</subfield>
    <subfield code="b">C26P</subfield>
  </datafield>
  <datafield tag="100" ind1=" " ind2=" ">
    <subfield code="a">PARTHASARTHI, G.</subfield>
  </datafield>
  <datafield tag="245" ind1=" " ind2=" ">
    <subfield code="a">A TEXT BOOK OF  CLINICAL PHARMACY PRACTICE</subfield>
  </datafield>
  <datafield tag="250" ind1=" " ind2=" ">
    <subfield code="a">2ND</subfield>
  </datafield>
  <datafield tag="260" ind1=" " ind2=" ">
    <subfield code="a">HYDERABAD, </subfield>
    <subfield code="b">UNIVERSITY PRESS</subfield>
    <subfield code="c">2026</subfield>
  </datafield>
  <datafield tag="300" ind1=" " ind2=" ">
    <subfield code="a">580</subfield>
  </datafield>
  <datafield tag="650" ind1=" " ind2=" ">
    <subfield code="a">PHARMACY</subfield>
  </datafield>
  <datafield tag="653" ind1=" " ind2=" ">
    <subfield code="a"> CLINICAL, PHARMACY, PRACTICE</subfield>
  </datafield>
  <datafield tag="942" ind1=" " ind2=" ">
    <subfield code="2">ddc</subfield>
    <subfield code="c">BK</subfield>
  </datafield>
  <datafield tag="952" ind1=" " ind2=" ">
    <subfield code="0">0</subfield>
    <subfield code="1">0</subfield>
    <subfield code="2">ddc</subfield>
    <subfield code="4">0</subfield>
    <subfield code="7">0</subfield>
    <subfield code="8">FP</subfield>
    <subfield code="a">APL</subfield>
    <subfield code="b">APL</subfield>
    <subfield code="c">TXT</subfield>
    <subfield code="d">2026-05-07</subfield>
    <subfield code="e">ABC PVT. LTD.</subfield>
    <subfield code="g">1195.00</subfield>
    <subfield code="i">SGTU</subfield>
    <subfield code="l">0</subfield>
    <subfield code="o">615.4 C26P</subfield>
    <subfield code="p">FP5541</subfield>
    <subfield code="r">2026-05-07 00:00:00</subfield>
    <subfield code="w">2026-04-22</subfield>
    <subfield code="y">BK</subfield>
    <subfield code="k">22929</subfield>
  </datafield>
  <datafield tag="952" ind1=" " ind2=" ">
    <subfield code="0">0</subfield>
    <subfield code="1">0</subfield>
    <subfield code="2">ddc</subfield>
    <subfield code="4">0</subfield>
    <subfield code="7">0</subfield>
    <subfield code="8">FP</subfield>
    <subfield code="a">APL</subfield>
    <subfield code="b">APL</subfield>
    <subfield code="c">TXT</subfield>
    <subfield code="d">2026-05-07</subfield>
    <subfield code="e">ABC PVT. LTD.</subfield>
    <subfield code="g">1195.00</subfield>
    <subfield code="i">SGTU</subfield>
    <subfield code="l">0</subfield>
    <subfield code="o">615.4 C26P</subfield>
    <subfield code="p">FP5542</subfield>
    <subfield code="r">2026-05-07 00:00:00</subfield>
    <subfield code="w">2026-04-22</subfield>
    <subfield code="y">BK</subfield>
    <subfield code="k">22929</subfield>
  </datafield>
  <datafield tag="952" ind1=" " ind2=" ">
    <subfield code="0">0</subfield>
    <subfield code="1">0</subfield>
    <subfield code="2">ddc</subfield>
    <subfield code="4">0</subfield>
    <subfield code="7">0</subfield>
    <subfield code="8">FP</subfield>
    <subfield code="a">APL</subfield>
    <subfield code="b">APL</subfield>
    <subfield code="c">TXT</subfield>
    <subfield code="d">2026-05-07</subfield>
    <subfield code="e">ABC PVT. LTD.</subfield>
    <subfield code="g">1195.00</subfield>
    <subfield code="i">SGTU</subfield>
    <subfield code="l">0</subfield>
    <subfield code="o">615.4 C26P</subfield>
    <subfield code="p">FP5543</subfield>
    <subfield code="r">2026-05-07 00:00:00</subfield>
    <subfield code="w">2026-04-22</subfield>
    <subfield code="y">BK</subfield>
    <subfield code="k">22929</subfield>
  </datafield>
  <datafield tag="952" ind1=" " ind2=" ">
    <subfield code="0">0</subfield>
    <subfield code="1">0</subfield>
    <subfield code="2">ddc</subfield>
    <subfield code="4">0</subfield>
    <subfield code="7">0</subfield>
    <subfield code="8">FP</subfield>
    <subfield code="a">APL</subfield>
    <subfield code="b">APL</subfield>
    <subfield code="c">TXT</subfield>
    <subfield code="d">2026-05-07</subfield>
    <subfield code="e">ABC PVT. LTD.</subfield>
    <subfield code="g">1195.00</subfield>
    <subfield code="i">SGTU</subfield>
    <subfield code="l">0</subfield>
    <subfield code="o">615.4 C26P</subfield>
    <subfield code="p">FP5544</subfield>
    <subfield code="r">2026-05-07 00:00:00</subfield>
    <subfield code="w">2026-04-22</subfield>
    <subfield code="y">BK</subfield>
    <subfield code="k">22929</subfield>
  </datafield>
  <datafield tag="952" ind1=" " ind2=" ">
    <subfield code="0">0</subfield>
    <subfield code="1">0</subfield>
    <subfield code="2">ddc</subfield>
    <subfield code="4">0</subfield>
    <subfield code="7">0</subfield>
    <subfield code="8">FP</subfield>
    <subfield code="a">APL</subfield>
    <subfield code="b">APL</subfield>
    <subfield code="c">TXT</subfield>
    <subfield code="d">2026-05-07</subfield>
    <subfield code="e">ABC PVT. LTD.</subfield>
    <subfield code="g">1195.00</subfield>
    <subfield code="i">SGTU</subfield>
    <subfield code="l">0</subfield>
    <subfield code="o">615.4 C26P</subfield>
    <subfield code="p">FP5545</subfield>
    <subfield code="r">2026-05-07 00:00:00</subfield>
    <subfield code="w">2026-04-22</subfield>
    <subfield code="y">BK</subfield>
    <subfield code="k">22929</subfield>
  </datafield>
  <datafield tag="952" ind1=" " ind2=" ">
    <subfield code="0">0</subfield>
    <subfield code="1">0</subfield>
    <subfield code="2">ddc</subfield>
    <subfield code="4">0</subfield>
    <subfield code="7">0</subfield>
    <subfield code="8">FP</subfield>
    <subfield code="a">APL</subfield>
    <subfield code="b">APL</subfield>
    <subfield code="c">TXT</subfield>
    <subfield code="d">2026-05-07</subfield>
    <subfield code="e">ABC PVT. LTD.</subfield>
    <subfield code="g">1195.00</subfield>
    <subfield code="i">SGTU</subfield>
    <subfield code="l">0</subfield>
    <subfield code="o">615.4 C26P</subfield>
    <subfield code="p">FP5546</subfield>
    <subfield code="r">2026-05-07 00:00:00</subfield>
    <subfield code="w">2026-04-22</subfield>
    <subfield code="y">BK</subfield>
    <subfield code="k">22929</subfield>
  </datafield>
  <datafield tag="952" ind1=" " ind2=" ">
    <subfield code="0">0</subfield>
    <subfield code="1">0</subfield>
    <subfield code="2">ddc</subfield>
    <subfield code="4">0</subfield>
    <subfield code="7">0</subfield>
    <subfield code="8">FP</subfield>
    <subfield code="a">APL</subfield>
    <subfield code="b">APL</subfield>
    <subfield code="c">TXT</subfield>
    <subfield code="d">2026-05-07</subfield>
    <subfield code="e">ABC PVT. LTD.</subfield>
    <subfield code="g">1195.00</subfield>
    <subfield code="i">SGTU</subfield>
    <subfield code="l">0</subfield>
    <subfield code="o">615.4 C26P</subfield>
    <subfield code="p">FP5547</subfield>
    <subfield code="r">2026-05-07 00:00:00</subfield>
    <subfield code="w">2026-04-22</subfield>
    <subfield code="y">BK</subfield>
    <subfield code="k">22929</subfield>
  </datafield>
  <datafield tag="952" ind1=" " ind2=" ">
    <subfield code="0">0</subfield>
    <subfield code="1">0</subfield>
    <subfield code="2">ddc</subfield>
    <subfield code="4">0</subfield>
    <subfield code="7">0</subfield>
    <subfield code="8">FP</subfield>
    <subfield code="a">APL</subfield>
    <subfield code="b">APL</subfield>
    <subfield code="c">TXT</subfield>
    <subfield code="d">2026-05-07</subfield>
    <subfield code="e">ABC PVT. LTD.</subfield>
    <subfield code="g">1195.00</subfield>
    <subfield code="i">SGTU</subfield>
    <subfield code="l">0</subfield>
    <subfield code="o">615.4 C26P</subfield>
    <subfield code="p">FP5548</subfield>
    <subfield code="r">2026-05-07 00:00:00</subfield>
    <subfield code="w">2026-04-22</subfield>
    <subfield code="y">BK</subfield>
    <subfield code="k">22929</subfield>
  </datafield>
  <datafield tag="952" ind1=" " ind2=" ">
    <subfield code="0">0</subfield>
    <subfield code="1">0</subfield>
    <subfield code="2">ddc</subfield>
    <subfield code="4">0</subfield>
    <subfield code="7">0</subfield>
    <subfield code="8">FP</subfield>
    <subfield code="a">APL</subfield>
    <subfield code="b">APL</subfield>
    <subfield code="c">TXT</subfield>
    <subfield code="d">2026-05-07</subfield>
    <subfield code="e">ABC PVT. LTD.</subfield>
    <subfield code="g">1195.00</subfield>
    <subfield code="i">SGTU</subfield>
    <subfield code="l">0</subfield>
    <subfield code="o">615.4 C26P</subfield>
    <subfield code="p">FP5549</subfield>
    <subfield code="r">2026-05-07 00:00:00</subfield>
    <subfield code="w">2026-04-22</subfield>
    <subfield code="y">BK</subfield>
    <subfield code="k">22929</subfield>
  </datafield>
  <datafield tag="952" ind1=" " ind2=" ">
    <subfield code="0">0</subfield>
    <subfield code="1">0</subfield>
    <subfield code="2">ddc</subfield>
    <subfield code="4">0</subfield>
    <subfield code="7">0</subfield>
    <subfield code="8">FP</subfield>
    <subfield code="a">APL</subfield>
    <subfield code="b">APL</subfield>
    <subfield code="c">TXT</subfield>
    <subfield code="d">2026-05-07</subfield>
    <subfield code="e">ABC PVT. LTD.</subfield>
    <subfield code="g">1195.00</subfield>
    <subfield code="i">SGTU</subfield>
    <subfield code="l">0</subfield>
    <subfield code="o">615.4 C26P</subfield>
    <subfield code="p">FP5550</subfield>
    <subfield code="r">2026-05-07 00:00:00</subfield>
    <subfield code="w">2026-04-22</subfield>
    <subfield code="y">BK</subfield>
    <subfield code="k">22929</subfield>
  </datafield>
  <datafield tag="999" ind1=" " ind2=" ">
    <subfield code="c">34809</subfield>
    <subfield code="d">34809</subfield>
  </datafield>
</record>
